• 首页
  • 本馆介绍
  • 公告通知
  • 最新文献
  • 馆藏检索
  • 电子资源
  • 读者导购
  • 参考咨询
  • 我的图书馆
  • 登录
  • 详细信息显示
  • 放入我的书架
  • 预约/预借图书
  • 作者相关作品
  • 分类相关作品
  • 丛书相关作品
  • 出版社相关作品

书目信息

  • 表格格式
  • 工作单格式
  • 卡片格式
题名:
指数理论及指数体系研究
    
 
作者: 徐国祥 著
分册:  
出版信息: 上海   上海财经大学出版社  1999
页数: 201页
开本: 20cm
丛书名:
单 册:
中图分类: C222
科图分类:
主题词: 社会科学--组织机构 , 社会科学--团体 , 社会科学--会议 , 社会科学--国家行政机关
电子资源:
ISBN: 7-81049-345-0
000 00645nam0 2200217 450
001 0732828906
005 20070903090708.90
010    @a7-81049-345-0@d¥19.00
100    @a20070903d km y0chiy0120 ea
101 0  @achi
200 1  @a指数理论及指数体系研究@Azhi shu li lun ji zhi shu ti xi yan jiu@f徐国祥著@Fxu guo xiang zhu
210    @a上海@c上海财经大学出版社@d1999
215    @a201页@d20cm
606 0  @a社会科学@x组织机构
606 0  @a社会科学@x团体
606 0  @a社会科学@x会议
606 0  @a社会科学@x国家行政机关
690    @aC222@v3
701  0 @a徐国祥@Axu guo xiang@4著
801  0 @aCN@bPFT@c20070903
905    @a213230@dC222@eS2@f1
    
    指数理论及指数体系研究/徐国祥著.-上海:上海财经大学出版社,1999
    201页;20cm
    
    
    ISBN 7-81049-345-0:¥19.00
    
●
相关链接 在E读中查询图书 在五车中查询图书 在当当中查询图书 在豆瓣中查询图书


正题名:指数理论及指数体系研究     索取号:C222/S2         预约/预借

序号 登录号 条形码 馆藏地/架位号 状态 备注
1 6704492   267044922   密集书库-数信学院/ [索取号:C222/S2] 在馆    
2 6704493   267044931   数信系资料室/ [索取号:C222/S2] 在馆    
唐山师范学院图书馆 欢迎您!
大连网信软件有限公司© 版权所有